Espejos de piedra oscura. Los grupos literarios en Guatemala entre 1970 y 1990

Guardat en:
Dades bibliogràfiques
Autor principal: Mejía, Marco Vinicio
Format: Llibre
Idioma:Undetermined
Publicat: Guatemala Ministerio de Cultura y Deportes 1993
Matèries:
Etiquetes: Afegir etiqueta
Sense etiquetes, Sigues el primer a etiquetar aquest registre!

MARC

LEADER 00000nam a2200000Ia 4500
008 170316s9999 xx 000 0 und d
040 |a cru BVZT 
090 |a 860 H-12.1e 
100 |a Mejía, Marco Vinicio 
245 |a Espejos de piedra oscura. Los grupos literarios en Guatemala entre 1970 y 1990 
260 |a Guatemala 
260 |b Ministerio de Cultura y Deportes 
260 |c 1993 
300 |a 112 páginas 
650 |a LITERATURA LATINOAMERICANA 
999 |c 8807  |d 8807 
942 |c 15 D  |h 860 H-12.1e  |2 z